Largest Cities in North-East America - Statistics

General Stats
  • This quiz has been taken 63 times
  • The average score is 12 of 13
Answer Stats
Population State/Province Answer % Correct
22,200,000 New York, USA New York City
100%
7,000,000 Massachusets, USA Boston
98%
9,750,000 Illinois, USA Chicago
98%
5,700,000 Michigan, USA Detroit
98%
7,600,000 Pennsylvania, USA Philadelphia
98%
7,300,000 Ontario, Canada Toronto
98%
8,500,000 District of Columbia, USA Washington
98%
1,700,000 Ohio, USA Columbus
96%
4,200,000 Quebec, Canada Montreal
96%
3,100,000 Minnesota, USA Minneapolis
94%
3,000,000 Ohio, USA Cleveland
91%
2,000,000 Pennsylvania, USA Pittsburgh
91%
2,700,000 Ohio, USA Cincinnati
83%
No matching quizzes found
Score Distribution
Percent of People with Each Score
Percentile by Number Answered
Your Score History
You have not taken this quiz